| 000 | 00357 a2200157 4500 | ||
|---|---|---|---|
| 001 | 186947 | ||
| 020 | _a85-7510-092-0 | ||
| 040 | _cMagnum | ||
| 100 | _aAgualusa, José Eduardo | ||
| 240 | 1 | 0 |
_aO vendedor de passados _lpor |
| 245 | 1 | 0 | _aO vendedor de passados |
| 300 | _a199 | ||
| 362 | 0 | _a2006 | |
| 697 | _aLITERATURA GERAL ESTRANGEIRA | ||
| 942 | _cBK | ||
| 999 |
_c186947 _d186947 |
||